| 000 | 02561nam0a2200349 4500 | ||
|---|---|---|---|
| 001 | RU\NLR\BIBL_A\022692515 | ||
| 005 | 20260420061754.0 | ||
| 010 |
_a978-5-209-12630-0 _9300 |
||
| 021 |
_aRU _bКН-П-25-067187 _9КН-П-25-6491 |
||
| 035 | _a(NLR Aleph) 022692515 | ||
| 090 |
_a13687343 _c13687343 |
||
| 100 | _a20251219d2025 u y0rusy50 ca | ||
| 101 | 0 | _arus | |
| 102 | _aRU | ||
| 105 | _aa|||j|||000yy | ||
| 181 | 0 |
_ai3 _baxxe |
|
| 182 | 0 | _an | |
| 200 | 1 |
_aМорфология пищеварительного аппарата домашних животных _eучебное пособие _eдля студетов по направлению подготовки 36.00.00 "Ветеринария и зоотехния" в учебных организациях, реализующих программы высшего образования по специальности 36.05.01 "Ветеринария" и направлению подготовки 36.04.01 "Ветеринарно-санитарная экспертиза" _fС. Б. Селезнев, Г. А. Ветошкина, Е. В. Куликов |
|
| 203 |
_aТекст _bвизуальный _cнепосредственный |
||
| 210 |
_aМосква _cРоссийский университет дружбы народов им. Патриса Лумумбы _d2025 |
||
| 215 |
_a104, [1] с. _cил., цв. ил. _d24 |
||
| 300 | _aНа 4-й с. обл. авт.: Седезнев С. Б., д-р вет. наук, проф., действ. чл. Междунар. акад. аграр. образования, Ветошкина Г. А., канд. биол. наук, доц., Куликов Е. В., канд. биол. наук, доц. | ||
| 320 | _aБиблиогр.: с. 104 (11 назв.) | ||
| 606 | 1 |
_aПищеварительная система домашних животных _jУчебные издания для высших учебных заведений _xМорфология _92698321 _3RU\NLR\AUTH\6601766756 |
|
| 686 | 1 | _aП526.6я73 | |
| 700 | 1 |
_7ca _8rus _aСелезнев _bС. Б. _cд-р ветеринар. наук _gСергей Борисович _9126321 _3RU\NLR\AUTH\7716686 |
|
| 701 | 1 |
_aВетошкина _bГ. А. _gГалина Аркадьевна |
|
| 701 | 1 |
_7ca _8rus _aКуликов _bЕ. В. _cканд. биол. наук _f1978- _gЕвгений Владимирович _9170507 _3RU\NLR\AUTH\770170557 |
|
| 942 | _cBOOK | ||
| 980 | _aNB | ||